000 00511nam a2200169 i 4500
001 21073
003 ES-MaACL
005 20230906152419.0
007 t|
008 021121s1959 sp ||||1| spa d
100 1 _aAgelet i Garriga, Jaume.
_918545
245 1 0 _aFauna y flora /
_cJaume Agelet i Garriga ; ilustraciones de Xavier Valls.
260 _aLleida :
_bArts Grafiques Ilerda,
_c1959.
300 _a53 p. :
_bil. ;
_c20 cm.
700 1 _aValls, Xavier.
_9112937
852 _aES-MaACL
_jC-18906
_bR.44238
999 _c21073
_d21073